1280 1901 1090 1600 1641 1680 1700 1630 1637 1386 1982 1920 1192 1250 1086 1245 1096 1278 1131 1453 1196 1165 1855 1641 1963 1983 1781 1669 1422 1591 1620 1876 1983 1904 1031 1888 1489 1124 1848 1835 1793 1755 1720 1547 1342 1650 1974 1678 1680 1070 1938 1939 1011 1771 1829 1670 1422 1195 1848 1283 1879 1151 1459 1809 1410 1851 1838 1775 1853 1709 1150 1303 1803 1714 1239 1840 1931 1971 1821 1528 1659 1579 1168 1346 1900 1703 1433 1622 1503 1887 1333 1862 1718 1653 1611 1770 1560 1767 1703 BCNSPRNW ULIB Ver.6.0+V

เปลี่ยนเป็นภาษาไทย

Change to English
 แสดงรายละเอียดบรรณานุกรม
  กลับหน้าหลัก

Brief Record : Get Marc (ISO 2709) : E-mail record : QR code < ปิดหน้าต่าง
LEADER : 00000nam 2200000uu 4500
001    13399121476
003     ULIB
008    121121s2552||||th 000 0 tha d
020    ^a9786115120284
050 04 ^aTT890^bอ846พ
100 0  ^aอุมาวดี ทรัพย์สิน
245 10 ^aพานดอกไม้บูชาพระประจำวัน /^cอุมาวดี ทรัพย์สิน
250    ^aพิมพ์ครั้งที่ 1
260    ^aกรุงเทพฯ :^bวาดศิลป์,^c2552
300    ^a64 หน้า :^bภาพประกอบ ;^c26 ซม
440  0 ^aโครงการหนังสืออนุรักษ์และส่งเสริมศิลปวัฒนธรรมไทย
650  7 ^aการจัดดอกไม้
650  7 ^aการประดิษฐ์ด้วยใบตอง
945    ^p160^l0^i16859
995    ^aวิภา
999 ^a ทศพร
รายการนี้ยังไม่มีแท็ก
คุณยังไม่ได้ล็อกอิน คุณสามารถมีกิจกรรมร่วมกับเว็บไซต์ได้ แต่ต้องล็อกอินก่อน ::
  ล็อกอิน

รายการสื่อสารสนเทศ

ลำดับที่ ประเภท เลขเรียก/บาร์โค้ด สถานที่ สถานะ
1. วิทยาศาสตร์การแพทย์ และสุขภาพ
วิทยาศาสตร์การแพทย์ และสุขภาพ
TT890 อ846พ  
  Barcode: 16859
ห้องสมุดวิทยาเขตสวรรค์ประชารักษ์
►หนังสือทั่วไป
บนชั้น

รายการใกล้เคียง
    ผู้แต่ง [อุมาวดี ทรัพย์สิน]

    หัวเรื่อง [การจัดดอกไม้]
    หัวเรื่อง [การประดิษฐ์ด้วยใบตอง]

BibComment


ยังไม่เคยถูกคอมเมนท์

คอมเมนท์ทรัพยากรรายการนี้
  คอมเมนท์: พานดอกไม้บูชาพระ..


 Copyright 2026. Bcnsprnw @Library